<?xml version="1.0" encoding="UTF-8"?>
<record
    xmlns:xsi="http://www.w3.org/2001/XMLSchema-instance"
    xsi:schemaLocation="http://www.loc.gov/MARC21/slim http://www.loc.gov/standards/marcxml/schema/MARC21slim.xsd"
    xmlns="http://www.loc.gov/MARC21/slim">

  <leader>01469nam a22002417a 4500</leader>
  <controlfield tag="003">OSt</controlfield>
  <controlfield tag="005">20250416084959.0</controlfield>
  <controlfield tag="008">210806t2003    ck ||||er|||| 00| fdspa d</controlfield>
  <datafield tag="020" ind1=" " ind2=" ">
    <subfield code="a">958706030X</subfield>
  </datafield>
  <datafield tag="040" ind1=" " ind2=" ">
    <subfield code="a">CO-JMCR</subfield>
    <subfield code="c">CO-JMCR</subfield>
  </datafield>
  <datafield tag="041" ind1="0" ind2=" ">
    <subfield code="a">spa</subfield>
  </datafield>
  <datafield tag="082" ind1="0" ind2="4">
    <subfield code="a">A-N</subfield>
    <subfield code="b">MEJa</subfield>
    <subfield code="2">23</subfield>
  </datafield>
  <datafield tag="100" ind1="1" ind2=" ">
    <subfield code="a">Mej&#xED;a Vallejo, Manuel, </subfield>
    <subfield code="e">autor</subfield>
    <subfield code="9">39156</subfield>
  </datafield>
  <datafield tag="245" ind1="1" ind2="0">
    <subfield code="a">Aire de tango / </subfield>
    <subfield code="c">Manuel Mej&#xED;a Vallejo</subfield>
  </datafield>
  <datafield tag="260" ind1=" " ind2=" ">
    <subfield code="a">Bogot&#xE1; : </subfield>
    <subfield code="b">El Tiempo, </subfield>
    <subfield code="c">&#xA9;2003</subfield>
  </datafield>
  <datafield tag="300" ind1=" " ind2=" ">
    <subfield code="a">199 p&#xE1;ginas ; </subfield>
    <subfield code="c">21 cm.</subfield>
  </datafield>
  <datafield tag="490" ind1="0" ind2=" ">
    <subfield code="a">Biblioteca El Tiempo. Serie Colombia ; </subfield>
    <subfield code="v">9</subfield>
  </datafield>
  <datafield tag="500" ind1=" " ind2=" ">
    <subfield code="a">Incluye datos biogr&#xE1;ficos del autor.</subfield>
  </datafield>
  <datafield tag="520" ind1="3" ind2=" ">
    <subfield code="a">Si de tango se trata, ninguna ciudad tiene m&#xE1;s el aire que Medell&#xED;n. Por eso esta novela de Manuel Mej&#xED;a Vallejo, Aire de tango, recoge toda la pasi&#xF3;n que ese aire despierta en los arrabales de la bella villa. "Por eso cuento de Oscar Gato -relata el escritor en uno de los pasajes m&#xE1;s intensos-. El tango es el gran desaf&#xED;o, un macho que se siente bien macho, tal vez porque no est&#xE1; seguro de ser macho, y llega bravo contra el mundo porque es un pobre diablo como yo, arrinconao contra las paredes. Por eso cuento de Oscar Gato, vi&#xE9;ndoselas con su pareja o con la pareja que le sacaran. Fuera de concurso en el estadio cuando llegaba la orquesta de Enrique Rodr&#xED;guez, se luc&#xED;an el negro Piedrahita y los tigres de Guayaquil, Manrique y La Toma"</subfield>
  </datafield>
  <datafield tag="650" ind1="1" ind2="4">
    <subfield code="a">Novela colombiana</subfield>
    <subfield code="y">Siglo XX</subfield>
    <subfield code="9">14002</subfield>
  </datafield>
  <datafield tag="650" ind1="1" ind2="4">
    <subfield code="a">Tango en la literatura</subfield>
    <subfield code="9">39157</subfield>
  </datafield>
  <datafield tag="942" ind1=" " ind2=" ">
    <subfield code="2">ddc</subfield>
    <subfield code="c">BK</subfield>
  </datafield>
  <datafield tag="999" ind1=" " ind2=" ">
    <subfield code="c">15563</subfield>
    <subfield code="d">15563</subfield>
  </datafield>
  <datafield tag="952" ind1=" " ind2=" ">
    <subfield code="0">0</subfield>
    <subfield code="1">0</subfield>
    <subfield code="2">ddc</subfield>
    <subfield code="4">0</subfield>
    <subfield code="7">0</subfield>
    <subfield code="8">FIC</subfield>
    <subfield code="a">CPL</subfield>
    <subfield code="b">CPL</subfield>
    <subfield code="d">2021-08-06</subfield>
    <subfield code="e">Donaci&#xF3;n</subfield>
    <subfield code="l">1</subfield>
    <subfield code="o">A-N MEJa</subfield>
    <subfield code="p">201811117</subfield>
    <subfield code="r">2024-07-05 07:58:42</subfield>
    <subfield code="s">2024-07-05</subfield>
    <subfield code="t">Ej.1</subfield>
    <subfield code="w">2021-08-06</subfield>
    <subfield code="y">BK</subfield>
    <subfield code="z">Material con deterioro biol&#xF3;gico.</subfield>
  </datafield>
</record>
